Doctor Who: Stephen Moffat's Monsters Quiz Stats

 Plays Quiz not verified by Sporcle

Challenge
Share
Tweet
Embed
Score 0/13 Timer 02:00
0 Plays Today
First seen in Monster % Correct
BlinkWeeping Angels
99.2%
The Impossible AstronautThe Silence
85%
Silence in the LibraryVashta Nerada
83.5%
The Eleventh HourPrisoner Zero
79.5%
The Eleventh HourAtraxi
74%
The Girl in the FireplaceClockwork Droids
59.1%
The Beast BelowSmilers
57.5%
Let's Kill HitlerTeselecta
51.2%
The Name of the DoctorWhispermen
50.8%
The Empty ChildNanogenes
43.3%
The Bells of Saint JohnSpoonheads
35.7%
Asylum of the DaleksDalek Puppets
22.8%
The Doctor, the Widow and the WardrobeThe Forest
21.3%

You're not logged in!

Compare scores with friends on all Sporcle quizzes.
OR
Log In

You Might Also Like...

Show Comments

Extras

Top Quizzes Today


Score Distribution

Your Account Isn't Verified!

In order to create a playlist on Sporcle, you need to verify the email address you used during registration. Go to your Sporcle Settings to finish the process.

Report this User

Report this user for behavior that violates our Community Guidelines.

Details: